| 000 | 00316nam a2200097Ia 4500 | ||
|---|---|---|---|
| 082 | _a658.40968|SERG | ||
| 245 | 0 | _aThe Kebble collusion ten fateful days in a R26 billion fraud | |
| 100 |
_a SERGEANT, Barry Auckland Park, South Africa, 2012 _950826 |
||
| 942 | _cBK | ||
| 008 | 210817s9999 xx 000 0 und d | ||
| 999 |
_c163217 _d163216 |
||